<?xml version="1.0" encoding="UTF-8"?>
<marc:record xmlns:marc="http://www.loc.gov/MARC21/slim" type="Bibliographic">
   <marc:leader>00000pam a2200000 c 4500</marc:leader>
   <marc:controlfield tag="001">945427050</marc:controlfield>
   <marc:controlfield tag="003">DE-101</marc:controlfield>
   <marc:controlfield tag="005">20171202222105.0</marc:controlfield>
   <marc:controlfield tag="007">tu</marc:controlfield>
   <marc:controlfield tag="008">950831s1995    au ||||| |||| 00||||ger  </marc:controlfield>
   <marc:datafield ind1=" " ind2=" " tag="015">
      <marc:subfield code="a">95,A51,1956</marc:subfield>
      <marc:subfield code="z">95,N40,0750</marc:subfield>
      <marc:subfield code="2">dnb</marc:subfield>
   </marc:datafield>
   <marc:datafield ind1="7" ind2=" " tag="016">
      <marc:subfield code="2">DE-101</marc:subfield>
      <marc:subfield code="a">945427050</marc:subfield>
   </marc:datafield>
   <marc:datafield ind1=" " ind2=" " tag="020">
      <marc:subfield code="a">9783900478988</marc:subfield>
      <marc:subfield code="c">Pp. : DM 39.80, sfr 41.00, S 280.00</marc:subfield>
      <marc:subfield code="9">978-3-900478-98-8</marc:subfield>
   </marc:datafield>
   <marc:datafield ind1=" " ind2=" " tag="020">
      <marc:subfield code="a">3900478988</marc:subfield>
      <marc:subfield code="c">Pp. : DM 39.80, sfr 41.00, S 280.00</marc:subfield>
      <marc:subfield code="9">3-900478-98-8</marc:subfield>
   </marc:datafield>
   <marc:datafield ind1=" " ind2=" " tag="035">
      <marc:subfield code="a">(DE-599)DNB945427050</marc:subfield>
   </marc:datafield>
   <marc:datafield ind1=" " ind2=" " tag="035">
      <marc:subfield code="a">(OCoLC)231649413</marc:subfield>
   </marc:datafield>
   <marc:datafield ind1=" " ind2=" " tag="040">
      <marc:subfield code="a">1140</marc:subfield>
      <marc:subfield code="b">ger</marc:subfield>
      <marc:subfield code="c">DE-101</marc:subfield>
      <marc:subfield code="d">9999</marc:subfield>
   </marc:datafield>
   <marc:datafield ind1=" " ind2=" " tag="041">
      <marc:subfield code="a">ger</marc:subfield>
   </marc:datafield>
   <marc:datafield ind1=" " ind2=" " tag="043">
      <marc:subfield code="c">XB-TR</marc:subfield>
      <marc:subfield code="c">XB-IL</marc:subfield>
      <marc:subfield code="c">XB-JO</marc:subfield>
      <marc:subfield code="c">XC-EG</marc:subfield>
   </marc:datafield>
   <marc:datafield ind1=" " ind2=" " tag="044">
      <marc:subfield code="c">XA-AT</marc:subfield>
   </marc:datafield>
   <marc:datafield ind1=" " ind2=" " tag="084">
      <marc:subfield code="a">61</marc:subfield>
      <marc:subfield code="a">63</marc:subfield>
      <marc:subfield code="a">64</marc:subfield>
      <marc:subfield code="a">900</marc:subfield>
      <marc:subfield code="a">910</marc:subfield>
      <marc:subfield code="a">914.3</marc:subfield>
      <marc:subfield code="q">DE-101</marc:subfield>
      <marc:subfield code="2">sdnb</marc:subfield>
   </marc:datafield>
   <marc:datafield ind1=" " ind2=" " tag="084">
      <marc:subfield code="a">19.1d</marc:subfield>
      <marc:subfield code="a">9.1c</marc:subfield>
      <marc:subfield code="a">9.3b</marc:subfield>
      <marc:subfield code="a">19.1d</marc:subfield>
      <marc:subfield code="a">9.1c</marc:subfield>
      <marc:subfield code="a">9.3b</marc:subfield>
      <marc:subfield code="a">19.1d</marc:subfield>
      <marc:subfield code="a">9.1c</marc:subfield>
      <marc:subfield code="a">9.3b</marc:subfield>
      <marc:subfield code="q">DE-101</marc:subfield>
      <marc:subfield code="2">sswd</marc:subfield>
   </marc:datafield>
   <marc:datafield ind1="1" ind2=" " tag="100">
      <marc:subfield code="0">(DE-588)118740792</marc:subfield>
      <marc:subfield code="0">http://d-nb.info/gnd/118740792</marc:subfield>
      <marc:subfield code="0">(DE-101)118740792</marc:subfield>
      <marc:subfield code="a">Pfeiffer, Ida</marc:subfield>
      <marc:subfield code="d">1797-1858</marc:subfield>
      <marc:subfield code="e">Verfasser</marc:subfield>
      <marc:subfield code="4">aut</marc:subfield>
   </marc:datafield>
   <marc:datafield ind1="0" ind2="0" tag="245">
      <marc:subfield code="a">Reise in das Heilige Land</marc:subfield>
      <marc:subfield code="b">Konstantinopel, Palästina, Ägypten im Jahre 1842</marc:subfield>
      <marc:subfield code="c">Ida Pfeiffer. Hrsg. und Vorw. von Gabriele Habinger</marc:subfield>
   </marc:datafield>
   <marc:datafield ind1=" " ind2="1" tag="264">
      <marc:subfield code="a">Wien</marc:subfield>
      <marc:subfield code="b">Promedia</marc:subfield>
      <marc:subfield code="c">1995</marc:subfield>
   </marc:datafield>
   <marc:datafield ind1=" " ind2=" " tag="300">
      <marc:subfield code="a">285 S.</marc:subfield>
      <marc:subfield code="b">Ill., Kt.</marc:subfield>
      <marc:subfield code="c">21 cm</marc:subfield>
   </marc:datafield>
   <marc:datafield ind1=" " ind2=" " tag="336">
      <marc:subfield code="a">Text</marc:subfield>
      <marc:subfield code="b">txt</marc:subfield>
      <marc:subfield code="2">rdacontent</marc:subfield>
   </marc:datafield>
   <marc:datafield ind1=" " ind2=" " tag="337">
      <marc:subfield code="a">ohne Hilfsmittel zu benutzen</marc:subfield>
      <marc:subfield code="b">n</marc:subfield>
      <marc:subfield code="2">rdamedia</marc:subfield>
   </marc:datafield>
   <marc:datafield ind1=" " ind2=" " tag="338">
      <marc:subfield code="a">Band</marc:subfield>
      <marc:subfield code="b">nc</marc:subfield>
      <marc:subfield code="2">rdacarrier</marc:subfield>
   </marc:datafield>
   <marc:datafield ind1="0" ind2=" " tag="490">
      <marc:subfield code="a">Edition Frauenfahrten</marc:subfield>
   </marc:datafield>
   <marc:datafield ind1=" " ind2=" " tag="500">
      <marc:subfield code="a">Teilausg.</marc:subfield>
   </marc:datafield>
   <marc:datafield ind1=" " ind2="7" tag="650">
      <marc:subfield code="0">(DE-588)4018202-2</marc:subfield>
      <marc:subfield code="0">http://d-nb.info/gnd/4018202-2</marc:subfield>
      <marc:subfield code="0">(DE-101)040182029</marc:subfield>
      <marc:subfield code="a">Frau</marc:subfield>
      <marc:subfield code="2">gnd</marc:subfield>
   </marc:datafield>
   <marc:datafield ind1=" " ind2="7" tag="650">
      <marc:subfield code="0">(DE-588)4018202-2</marc:subfield>
      <marc:subfield code="0">http://d-nb.info/gnd/4018202-2</marc:subfield>
      <marc:subfield code="0">(DE-101)040182029</marc:subfield>
      <marc:subfield code="a">Frau</marc:subfield>
      <marc:subfield code="2">gnd</marc:subfield>
   </marc:datafield>
   <marc:datafield ind1=" " ind2="7" tag="650">
      <marc:subfield code="0">(DE-588)4018202-2</marc:subfield>
      <marc:subfield code="0">http://d-nb.info/gnd/4018202-2</marc:subfield>
      <marc:subfield code="0">(DE-101)040182029</marc:subfield>
      <marc:subfield code="a">Frau</marc:subfield>
      <marc:subfield code="2">gnd</marc:subfield>
   </marc:datafield>
   <marc:datafield ind1=" " ind2="7" tag="651">
      <marc:subfield code="0">(DE-588)4073697-0</marc:subfield>
      <marc:subfield code="0">http://d-nb.info/gnd/4073697-0</marc:subfield>
      <marc:subfield code="0">(DE-101)040736970</marc:subfield>
      <marc:subfield code="a">Konstantinopel</marc:subfield>
      <marc:subfield code="2">gnd</marc:subfield>
   </marc:datafield>
   <marc:datafield ind1=" " ind2="7" tag="651">
      <marc:subfield code="0">(DE-588)4044381-4</marc:subfield>
      <marc:subfield code="0">http://d-nb.info/gnd/4044381-4</marc:subfield>
      <marc:subfield code="0">(DE-101)040443817</marc:subfield>
      <marc:subfield code="a">Palästina</marc:subfield>
      <marc:subfield code="2">gnd</marc:subfield>
   </marc:datafield>
   <marc:datafield ind1=" " ind2="7" tag="651">
      <marc:subfield code="0">(DE-588)4000556-2</marc:subfield>
      <marc:subfield code="0">http://d-nb.info/gnd/4000556-2</marc:subfield>
      <marc:subfield code="0">(DE-101)040005569</marc:subfield>
      <marc:subfield code="a">Ägypten</marc:subfield>
      <marc:subfield code="2">gnd</marc:subfield>
   </marc:datafield>
   <marc:datafield ind1=" " ind2="7" tag="655">
      <marc:subfield code="0">(DE-588)4076645-7</marc:subfield>
      <marc:subfield code="0">http://d-nb.info/gnd/4076645-7</marc:subfield>
      <marc:subfield code="0">(DE-101)040766454</marc:subfield>
      <marc:subfield code="a">Reisebericht</marc:subfield>
      <marc:subfield code="y">1842</marc:subfield>
      <marc:subfield code="2">gnd-content</marc:subfield>
   </marc:datafield>
   <marc:datafield ind1=" " ind2="7" tag="655">
      <marc:subfield code="a">Reisebericht 1842</marc:subfield>
      <marc:subfield code="2">gnd</marc:subfield>
   </marc:datafield>
   <marc:datafield ind1=" " ind2="7" tag="655">
      <marc:subfield code="a">Reisebericht 1842</marc:subfield>
      <marc:subfield code="2">gnd</marc:subfield>
   </marc:datafield>
   <marc:datafield ind1=" " ind2="7" tag="655">
      <marc:subfield code="a">Reisebericht 1842</marc:subfield>
      <marc:subfield code="2">gnd</marc:subfield>
   </marc:datafield>
   <marc:datafield ind1="0" ind2="0" tag="689">
      <marc:subfield code="0">(DE-588)4073697-0</marc:subfield>
      <marc:subfield code="0">http://d-nb.info/gnd/4073697-0</marc:subfield>
      <marc:subfield code="0">(DE-101)040736970</marc:subfield>
      <marc:subfield code="D">g</marc:subfield>
      <marc:subfield code="a">Konstantinopel</marc:subfield>
   </marc:datafield>
   <marc:datafield ind1="0" ind2="1" tag="689">
      <marc:subfield code="0">(DE-588)4018202-2</marc:subfield>
      <marc:subfield code="0">http://d-nb.info/gnd/4018202-2</marc:subfield>
      <marc:subfield code="0">(DE-101)040182029</marc:subfield>
      <marc:subfield code="D">s</marc:subfield>
      <marc:subfield code="a">Frau</marc:subfield>
   </marc:datafield>
   <marc:datafield ind1="0" ind2="2" tag="689">
      <marc:subfield code="A">f</marc:subfield>
      <marc:subfield code="a">Reisebericht 1842</marc:subfield>
   </marc:datafield>
   <marc:datafield ind1="0" ind2=" " tag="689">
      <marc:subfield code="5">DE-101</marc:subfield>
      <marc:subfield code="5">DE-101</marc:subfield>
   </marc:datafield>
   <marc:datafield ind1="1" ind2="0" tag="689">
      <marc:subfield code="0">(DE-588)4044381-4</marc:subfield>
      <marc:subfield code="0">http://d-nb.info/gnd/4044381-4</marc:subfield>
      <marc:subfield code="0">(DE-101)040443817</marc:subfield>
      <marc:subfield code="D">g</marc:subfield>
      <marc:subfield code="a">Palästina</marc:subfield>
   </marc:datafield>
   <marc:datafield ind1="1" ind2="1" tag="689">
      <marc:subfield code="0">(DE-588)4018202-2</marc:subfield>
      <marc:subfield code="0">http://d-nb.info/gnd/4018202-2</marc:subfield>
      <marc:subfield code="0">(DE-101)040182029</marc:subfield>
      <marc:subfield code="D">s</marc:subfield>
      <marc:subfield code="a">Frau</marc:subfield>
   </marc:datafield>
   <marc:datafield ind1="1" ind2="2" tag="689">
      <marc:subfield code="A">f</marc:subfield>
      <marc:subfield code="a">Reisebericht 1842</marc:subfield>
   </marc:datafield>
   <marc:datafield ind1="1" ind2=" " tag="689">
      <marc:subfield code="5">DE-101</marc:subfield>
      <marc:subfield code="5">DE-101</marc:subfield>
   </marc:datafield>
   <marc:datafield ind1="2" ind2="0" tag="689">
      <marc:subfield code="0">(DE-588)4000556-2</marc:subfield>
      <marc:subfield code="0">http://d-nb.info/gnd/4000556-2</marc:subfield>
      <marc:subfield code="0">(DE-101)040005569</marc:subfield>
      <marc:subfield code="D">g</marc:subfield>
      <marc:subfield code="a">Ägypten</marc:subfield>
   </marc:datafield>
   <marc:datafield ind1="2" ind2="1" tag="689">
      <marc:subfield code="0">(DE-588)4018202-2</marc:subfield>
      <marc:subfield code="0">http://d-nb.info/gnd/4018202-2</marc:subfield>
      <marc:subfield code="0">(DE-101)040182029</marc:subfield>
      <marc:subfield code="D">s</marc:subfield>
      <marc:subfield code="a">Frau</marc:subfield>
   </marc:datafield>
   <marc:datafield ind1="2" ind2="2" tag="689">
      <marc:subfield code="A">f</marc:subfield>
      <marc:subfield code="a">Reisebericht 1842</marc:subfield>
   </marc:datafield>
   <marc:datafield ind1="2" ind2=" " tag="689">
      <marc:subfield code="5">DE-101</marc:subfield>
      <marc:subfield code="5">DE-101</marc:subfield>
   </marc:datafield>
   <marc:datafield ind1="1" ind2="2" tag="700">
      <marc:subfield code="a">Pfeiffer, Ida</marc:subfield>
      <marc:subfield code="d">1797-1858</marc:subfield>
      <marc:subfield code="t">Reise einer Wienerin in das Heilige Land</marc:subfield>
   </marc:datafield>
   <marc:datafield ind1=" " ind2=" " tag="850">
      <marc:subfield code="a">DE-101a</marc:subfield>
      <marc:subfield code="a">DE-101b</marc:subfield>
   </marc:datafield>
   <marc:datafield ind1="r" ind2=" " tag="925">
      <marc:subfield code="a">ra</marc:subfield>
   </marc:datafield>
</marc:record>
